| 000 | 00827nam a22002658i 4500 | ||
|---|---|---|---|
| 001 | 021447876 | ||
| 003 | EG-ScBUE | ||
| 005 | 20260216100346.0 | ||
| 008 | 240417s2024 enk f 000 0 eng d | ||
| 020 | _a9781788708180 | ||
| 040 |
_aStDuBDS _beng _erda _cStDuBDS _epn _dEG-ScBUE |
||
| 082 | 0 | 4 |
_a332.024 _222 _bREY |
| 100 | 1 |
_aReynal, Vicky, _eauthor. |
|
| 245 | 1 | 0 |
_aMoney on your mind : _bthe psychology behind your financial habits / _cVicky Reynal. |
| 264 | 1 |
_aLondon : _bLagom, _c2024. |
|
| 300 |
_a344 pages ; _c20 cm |
||
| 336 |
_atext _2rdacontent _btxt |
||
| 337 |
_acomputer _2rdamedia _bn |
||
| 338 |
_aonline resource _2rdacarrier _bnc |
||
| 650 | 7 |
_aFinance, Personal _xPsychological aspects. _2BUEsh |
|
| 653 |
_cFebruary2026 _bBUSECO |
||
| 655 | _vReading book | ||
| 942 |
_2ddc _cBB |
||
| 999 |
_c31133 _d31104 |
||